All NHL Teams Ever - Statistics

General Stats
  • This quiz has been taken 212 times
  • The average score is 41 of 51
Answer Stats
Years Played What Happened? Team Name % Correct
1924-Present Boston Bruins
97%
1972-1980 Relocated Atlanta Flames
95%
1917-Present Toronto Maple Leafs
95%
2011-Present Winnipeg Jets
95%
1979-1996 Relocated Winnipeg Jets (Old)
95%
1980-Present Calgary Flames
94%
1993-Present Anaheim Ducks
93%
1917-Present Montreal Canadiens
93%
1972-Present New York Islanders
93%
1926-Present New York Rangers
93%
1992-Present Ottawa Senators
93%
1917-1934 Relocated Ottawa Senators (Old)
93%
1979-Present Edmonton Oilers
92%
2021-Present Seattle Kraken
92%
1996-Present Arizona Coyotes
91%
1997-Present Carolina Hurricanes
91%
1993-Present Dallas Stars
91%
1926-Present Detroit Red Wings
91%
1967-Present Los Angeles Kings
91%
2000-Present Minnesota Wild
91%
1992-Present Tampa Bay Lightning
91%
2017-Present Vegas Golden Knights
91%
1995-Present Colorado Avalanche
89%
1991-Present San Jose Sharks
89%
1967-Present St. Louis Blues
89%
1970-Present Vancouver Canucks
89%
1970-Present Buffalo Sabres
88%
1926-Present Chicago Blackhawks
88%
1993-Present Florida Panthers
88%
1967-Present Philadelphia Flyers
88%
2000-Present Columbus Blue Jackets
87%
1967-Present Pittsburgh Penguins
87%
1999-2011 Relocated Atlanta Thrashers
85%
1974-Present Washington Capitals
85%
1997-Present Nashville Predators
84%
1982-Present New Jersey Devils
84%
1979-1995 Relocated Quebec Nordiques
81%
1967-1993 Relocated Minnesota North Stars
76%
1979-1997 Relocated Hartford Whalers
75%
1967-1976 Relocated California Golden Seals
69%
1924-1938 Folded Montreal Maroons
65%
1976-1982 Relocated Colorado Rockies
57%
1974-1976 Relocated Kansas City Scouts
55%
1976-1978 Folded Cleveland Barons
53%
1925-1942 Folded New York Americans
53%
1920-1925 Folded Hamilton Tigers
47%
1917-1918 Folded (Arena Burned Down) Montreal Wanderers
47%
1925-1930 Relocated Pittsburgh Pirates
43%
1930-1931 Folded Philadelphia Quakers
42%
1934-1935 Folded St. Louis Eagles
42%
1917-1920 Relocated Quebec Bulldogs
39%
No matching quizzes found
Score Distribution
Percent of People with Each Score
Percentile by Number Answered
Your Score History
You have not taken this quiz